000 00507nam a2200205Ia 4500
003 OSt
005 20251219114807.0
008 250729s2005 xx 000 0 und d
020 _a978-8172452094
040 _cAL
041 _aeng
082 _a530.2 DISA
100 _aDispezio Michael
_9227275
245 _aAwesome experiments in electricity and magnetism
260 _aNew Delhi
_c2005
300 _a169p
650 _aPhysics
_9227276
700 _aRao Digumurthi
_9227277
942 _2ddc
_cBED
999 _c237595
_d237595